| 000 | 00427cam a2200169ua 4500 | ||
|---|---|---|---|
| 001 | 5329 | ||
| 008 | 120812n |||gr||||Z||||||eng | ||
| 040 | _cMAIN | ||
| 082 | _a821 | ||
| 100 | 1 | 2 |
_aMaxwell, D.E.S., _eAuthor., |
| 245 | 1 | 1 |
_aPoetry of T. S. Eliot _cby D.E.S. Maxwell |
| 250 | _a1st. | ||
| 260 |
_aBroadway: _bRoutledge and kegan paul, _c1966. |
||
| 300 |
_avii;223p,: _c25cm. |
||
| 653 | _aEnglish poetry | ||
| 942 | _cBK | ||
| 999 |
_c4510 _d4510 |
||